El futuro de la naturaleza humana: ¿hacia una eugenesia liberal?
Збережено в:
| Автор: | |
|---|---|
| Інші автори: | |
| Формат: | Книга |
| Опубліковано: |
Barcelona, España:
Paidós,
2002.
|
| Серія: | Biblioteca del Presente
|
| Предмети: | |
| Теги: |
Додати тег
Немає тегів, Будьте першим, хто поставить тег для цього запису!
|
MARC
| LEADER | 00000nam a2200000 a 4500 | ||
|---|---|---|---|
| 001 | UCL0570 | ||
| 003 | CL-VaPUC | ||
| 005 | 20250313110308.0 | ||
| 008 | 230605t2002 ||||| |||| 00| 0 eng d | ||
| 999 | |c 304388 |d 304386 | ||
| 020 | |a 84-493-1249-3 | ||
| 040 | |c Pontificia Universidad Católica de Valparaíso | ||
| 082 | 0 | 4 | |a 320.01 HAB 2002 |2 21 |
| 100 | 0 | |a Habermas, Jürgen |e autor |9 334312 | |
| 245 | 1 | 3 | |a El futuro de la naturaleza humana: ¿hacia una eugenesia liberal? |
| 260 | |a Barcelona, España: |b Paidós, |c 2002. | ||
| 300 | |a 146 páginas. | ||
| 490 | 0 | |a Biblioteca del Presente |n 20. | |
| 500 | |a c.3 Donación Profesor Jorge Precht Pizarro. Memo 015/2023 | ||
| 583 | |a last modification |c 20170830 16:17:55 |k Rodrigo Vera | ||
| 650 | 0 | |a Filosofía política |9 295215 | |
| 650 | 0 | |a Ética |9 255099 | |
| 650 | 0 | |a Filosofía moral |9 310115 | |
| 650 | 0 | |a Ideologías políticas |9 255735 | |
| 650 | 0 | |a Filosofía alemana |9 265002 | |
| 700 | |a Carbó, R.S. |e traducción |9 882799 | ||
| 942 | |c BK |2 ddc | ||
| 945 | |d 20030728 00:00:00 |a cmena | ||
| 952 | |0 0 |1 0 |4 0 |6 320_010000000000000_HAB_2002 |7 0 |8 A |9 366428 |a BIBEDU |b BIBEDU |d 2019-11-21 |i 3919714 |o 320.01 HAB 2002 |p 3919714 |r 2019-11-21 |w 2019-11-21 |y BK |k FIL | ||
| 952 | |0 0 |1 0 |4 0 |6 320_010000000000000_HAB_2002 |7 0 |8 A |9 366429 |a BIBEDU |b BIBEDU |d 2019-11-21 |i 4032845 |l 2 |o 320.01 HAB 2002 |p 4032845 |r 2022-05-20 |s 2022-05-20 |w 2019-11-21 |y BK |k FIL | ||
| 952 | |0 0 |1 0 |2 ddc |4 0 |6 320_010000000000000_HAB_2002 |7 0 |8 A |9 590373 |a BIBDER |b BIBDER |d 2023-06-05 |e Donación |i 5657702 |o 320.01 HAB 2002 |p 5657702 |r 2023-06-05 |t 3 |w 2023-06-05 |y BK |k DER | ||